[Event "Irkutsk-ch"]
[Site "Irkutsk"]
[Date "2016.12.26"]
[Round "8"]
[White "Privalikhin, Fedor"]
[Black "Shirokovsky, Alexander"]
[Result "0-1"]
[WhiteElo "2213"]
[BlackElo "2333"]
[PlyCount "108"]
[EventDate "2016.12.16"]
[EventType "tourn"]
[EventRounds "9"]
[EventCountry "RUS"]
[SourceTitle "CBM 176 Extra"]
[Source "ChessBase"]
[SourceDate "2017.03.02"]
[SourceVersion "1"]
[SourceVersionDate "2017.03.02"]
[SourceQuality "1"]

1. d4 c6 2. c4 g6 3. Nc3 Bg7 4. e4 d6 5. Be3 a6 6. Bd3 b5 7. Nge2 Nf6 8. 0-0 0-0 9. f3 Nbd7 10. b3 Rb8 11. Qd2 Re8 12. Kh1 b4 13. Na4 Qc7 14. Rac1 c5 15. Bb1 e5 16. dxc5 dxc5 17. Rcd1 Bf8 18. Qe1 Bb7 19. Qf2 Rbc8 20. Rd2 Be7 21. Rfd1 Nf8 22. Bg5 Ne6 23. Bxf6 Bxf6 24. Rd7 Red8 25. Rxd8+ Rxd8 26. Qe1 Bh4 27. Qf1 Rxd1 28. Qxd1 Bf2 29. Nb2 Bd4 30. Nd3 Qe7 31. Nxd4 Nxd4 32. Qd2 Kg7 33. Qe3 a5 34. Qe1 Bc6 35. Qg3 f6 36. Qf2 a4 37. Qb2 Qa7 38. Bc2 axb3 39. axb3 g5 40. Bd1 h5 41. h3 Kf7 42. Qb1 Ke7 43. Nf2 Kd6 44. f4 gxf4 45. Bxh5 Qh7 46. Bd1 Qh4 47. Qb2 Qg3 48. Qa2 Qe3 49. Bg4 Qc1+ 50. Bd1 Qa3 51. Qb1 Qa8 52. Kg1 Kc7 53. Kf1 Kb6 54. Ng4 Bxe4 0-1

[Event "Irkutsk-ch"]
[Site "Irkutsk"]
[Date "2016.12.21"]
[Round "4"]
[White "Shirokovsky, Alexander"]
[Black "Khantuev, Alexander"]
[Result "1-0"]
[WhiteElo "2333"]
[BlackElo "2282"]
[PlyCount "103"]
[EventDate "2016.12.16"]
[EventType "tourn"]
[EventRounds "9"]
[EventCountry "RUS"]
[SourceTitle "CBM 176 Extra"]
[Source "ChessBase"]
[SourceDate "2017.03.02"]
[SourceVersion "1"]
[SourceVersionDate "2017.03.02"]
[SourceQuality "1"]

1. e4 e6 2. d3 d5 3. Nd2 Nc6 4. Ngf3 Nf6 5. c3 a5 6. Qc2 e5 7. Be2 Bc5 8. 0-0 dxe4 9. dxe4 0-0 10. Nc4 Qe7 11. Bg5 h6 12. Bh4 Bg4 13. h3 Bh5 14. Nh2 g5 15. Bg3 Bg6 16. Nd2 Kg7 17. Rfe1 h5 18. h4 Nxe4 19. Nxe4 gxh4 20. Bxh4 Qxh4 21. Bd3 Bxe4 22. Bxe4 Rae8 23. Nf3 Qg4 24. Rad1 Bd6 25. Bf5 Qf4 26. Bd7 Re7 27. Re4 Qh6 28. Nh4 Kh8 29. Bxc6 bxc6 30. Nf5 Qg5 31. Nxe7 Qxe7 32. Qe2 Qg5 33. Rd3 Rg8 34. Rg3 Qc1+ 35. Kh2 Rxg3 36. Qxh5+ Kg7 37. fxg3 Kf6 38. Re2 Kg7 39. Rf2 f6 40. Qg4+ Kf7 41. Qh5+ Kg7 42. Qg4+ Kf7 43. Qh4 Be7 44. Qh7+ Ke6 45. a4 Qg5 46. Qh4 f5 47. Qxg5 Bxg5 48. b4 axb4 49. cxb4 e4 50. a5 Be3 51. Re2 Bd4 52. g4 1-0

[Event "Irkutsk-ch"]
[Site "Irkutsk"]
[Date "2016.12.17"]
[Round "2"]
[White "Shirokovsky, Alexander"]
[Black "Kyshtymov, Daniil"]
[Result "1-0"]
[WhiteElo "2333"]
[BlackElo "2028"]
[PlyCount "87"]
[EventDate "2016.12.16"]
[EventType "tourn"]
[EventRounds "9"]
[EventCountry "RUS"]
[SourceTitle "CBM 176 Extra"]
[Source "ChessBase"]
[SourceDate "2017.03.02"]
[SourceVersion "1"]
[SourceVersionDate "2017.03.02"]
[SourceQuality "1"]

1. e4 e6 2. d3 d5 3. Nd2 Nf6 4. Ngf3 c5 5. g3 g6 6. Bg2 Bg7 7. 0-0 0-0 8. Re1 Nc6 9. Qe2 a5 10. Nf1 b6 11. e5 Nd7 12. Bf4 Ba6 13. c3 b5 14. h4 a4 15. h5 b4 16. hxg6 hxg6 17. c4 Nb6 18. b3 dxc4 19. dxc4 Nd5 20. Qe4 Nxf4 21. Qxf4 Qe7 22. N1h2 f5 23. exf6 Rxf6 24. Qh4 Bb7 25. Ng5 Bf8 26. Rad1 Nd4 27. Ng4 Rf5 28. Bxb7 Qxb7 29. Rxd4 cxd4 30. Rxe6 Qg7 31. Ne4 axb3 32. axb3 Ra7 33. Kg2 Raa5 34. Qd8 Kh7 35. Ngf6+ Kh6 36. Ng4+ Kh7 37. Ngf6+ Kh6 38. Qxd4 Bc5 39. Qd2+ g5 40. Ne8+ Qg6 41. Rxg6+ Kxg6 42. N8d6 Re5 43. Nb7 Rxe4 44. Qd5 1-0

[Event "Angarsk Alfa Cup 1st"]
[Site "Angarsk"]
[Date "2015.05.23"]
[Round "5"]
[White "Shirokovsky, Alexander"]
[Black "Fellenger, Alexander"]
[Result "1-0"]
[WhiteElo "2346"]
[BlackElo "2156"]
[PlyCount "157"]
[EventDate "2015.05.19"]
[EventType "tourn"]
[EventRounds "11"]
[EventCountry "RUS"]
[SourceTitle "EXT 2016"]
[Source "ChessBase"]
[SourceDate "2015.10.08"]
[SourceVersion "1"]
[SourceVersionDate "2015.10.08"]
[SourceQuality "1"]

1. e4 d5 2. Nc3 dxe4 3. Nxe4 Nf6 4. Nxf6+ gxf6 5. g3 Qd5 6. Qf3 Qxf3 7. Nxf3 Nc6 8. Bb5 Bd7 9. 0-0 a6 10. Be2 e5 11. d3 0-0-0 12. c3 Bg4 13. Rd1 Be7 14. Kg2 Rd7 15. h3 Bh5 16. g4 Bg6 17. Nh4 Nd8 18. Nf5 Ne6 19. Bh6 Rg8 20. Kf1 Bf8 21. Be3 h5 22. d4 Nf4 23. Bxf4 exf4 24. Bd3 hxg4 25. hxg4 f3 26. Be4 Rh8 27. Bxf3 Bxf5 28. gxf5 c6 29. Re1 Bd6 30. Re4 Re7 31. Rxe7 Bxe7 32. Re1 Bd6 33. Re4 Kd7 34. c4 c5 35. Rg4 b6 36. Bd5 cxd4 37. Rxd4 Be5 38. Rd2 Ke7 39. b4 Rh4 40. Rd3 a5 41. bxa5 bxa5 42. Ra3 Bc7 43. Rb3 Rf4 44. Rb7 Kd6 45. Bxf7 Rxf5 46. Be8 Rc5 47. Bb5 Ke5 48. Ke2 Kd4 49. Kf3 f5 50. Ra7 Ke5 51. Ra8 Kf6 52. Ke3 Re5+ 53. Kd3 Kg5 54. Ra6 Kf4 55. Bc6 Re1 56. Bd5 Rd1+ 57. Kc2 Rf1 58. f3 Ke3 59. Kb3 Kd4 60. Ka4 Rb1 61. a3 Bb6 62. Ra8 Bc7 63. Ra7 Bb6 64. Rb7 Rb2 65. Rb8 Rb1 66. Be6 f4 67. Bd5 Rb2 68. Rb7 Rb1 69. Rb8 Rb2 70. Rf8 Bc7 71. Rc8 Bd6 72. Rd8 Bc5 73. Be6+ Ke3 74. Rd5 Bf8 75. Bg4 Ra2 76. c5 Rc2 77. Kb5 a4 78. Rf5 Bd6 79. cxd6 1-0

[Event "Angarsk Alfa Cup 1st"]
[Site "Angarsk"]
[Date "2015.05.20"]
[Round "2"]
[White "Shirokovsky, Alexander"]
[Black "Shelk, Alexander"]
[Result "1-0"]
[WhiteElo "2346"]
[BlackElo "2331"]
[PlyCount "103"]
[EventDate "2015.05.19"]
[EventType "tourn"]
[EventRounds "11"]
[EventCountry "RUS"]
[SourceTitle "EXT 2016"]
[Source "ChessBase"]
[SourceDate "2015.10.08"]
[SourceVersion "1"]
[SourceVersionDate "2015.10.08"]
[SourceQuality "1"]

1. e4 c5 2. Nc3 e6 3. g3 Nc6 4. Bg2 Nf6 5. f4 d5 6. e5 Nd7 7. Nf3 Be7 8. d3 0-0 9. 0-0 Rb8 10. Qe2 b5 11. Bd2 b4 12. Nd1 Qc7 13. Nf2 Nd4 14. Nxd4 cxd4 15. Be1 Rb6 16. Nh3 Rc6 17. Rc1 Ba6 18. b3 Rc8 19. Rf2 Nc5 20. Rd1 Nd7 21. Rd2 h6 22. Qh5 Bf8 23. g4 g6 24. Qh4 Qa5 25. f5 Nxe5 26. Rde2 Qc7 27. fxe6 fxe6 28. g5 h5 29. Nf4 Rd8 30. Bh3 Bc8 31. Qg3 Re8 32. Qg2 Kg7 33. Rf1 Bd6 34. Bg3 Bd7 35. Qf2 h4 36. Nh5+ gxh5 37. Qf6+ Kg8 38. Rxe5 Rf8 39. Qg6+ Kh8 40. Qh6+ Kg8 41. Qg6+ Kh8 42. Qxh5+ Kg8 43. Qg6+ Kh8 44. Qh6+ Kg8 45. Qg6+ Kh8 46. Rxf8+ Bxf8 47. Qh5+ Kg8 48. g6 Bg7 49. Qxh4 Qc8 50. Re1 e5 51. Qh7+ Kf8 52. Rf1+ 1-0

[Event "Irkutsk City-ch"]
[Site "Irkutsk"]
[Date "2008.01.??"]
[Round "2"]
[White "Ivenin, Vladimir"]
[Black "Shirokovsky, Alexander"]
[Result "1-0"]
[WhiteElo "2073"]
[BlackElo "2390"]
[PlyCount "76"]
[EventDate "2008.01.??"]
[EventType "tourn"]
[EventRounds "9"]
[EventCountry "RUS"]
[SourceTitle "EXT 2010"]
[Source "ChessBase"]
[SourceDate "2010.11.25"]
[SourceVersion "1"]
[SourceVersionDate "2010.11.25"]
[SourceQuality "1"]

1. e4 c6 2. d4 d5 3. Nc3 b5 4. exd5 b4 5. Ne4 cxd5 6. Ng3 Nf6 7. Nf3 e6 8. Bd3 Bd6 9. 0-0 0-0 10. Bg5 Ba6 11. Nh5 Be7 12. Bxf6 Bxf6 13. Nxf6+ gxf6 14. a3 Bxd3 15. Qxd3 Qb6 16. axb4 Qxb4 17. c3 Qd6 18. Ra5 Rc8 19. Rfa1 Nc6 20. Ra6 Rab8 21. b4 Rb6 22. b5 Rxa6 23. Rxa6 Nb4 24. Rxd6 Nxd3 25. Rc6 Rb8 26. c4 dxc4 27. Nd2 Rxb5 28. h4 Rb2 29. Nxc4 Rb1+ 30. Kh2 Rc1 31. Kg3 Nb4 32. Rc5 Nd3 33. Rc6 Kg7 34. Kf3 Ne1+ 35. Kg3 Rc3+ 36. Kh2 a6 37. g3 Nf3+ 38. Kg2 Nxd4 1-0

[Event "Irkutsk City-ch"]
[Site "Irkutsk"]
[Date "2008.01.??"]
[Round "9"]
[White "Kiselev, Sergey"]
[Black "Shirokovsky, Alexander"]
[Result "1/2-1/2"]
[WhiteElo "2434"]
[BlackElo "2390"]
[PlyCount "34"]
[EventDate "2008.01.??"]
[EventType "tourn"]
[EventRounds "9"]
[EventCountry "RUS"]
[SourceTitle "EXT 2010"]
[Source "ChessBase"]
[SourceDate "2010.11.25"]
[SourceVersion "1"]
[SourceVersionDate "2010.11.25"]
[SourceQuality "1"]

1. e4 c6 2. d4 d5 3. exd5 cxd5 4. Nf3 Nf6 5. Bd3 g6 6. 0-0 Bf5 7. Bxf5 gxf5 8. Qd3 e6 9. Qb5+ Qd7 10. Qxd7+ Nbxd7 11. Ne5 Nxe5 12. dxe5 Nd7 13. Bf4 Bg7 14. Re1 f6 15. exf6 Bxf6 16. c3 Kf7 17. Nd2 e5 1/2-1/2

[Event "Irkutsk City-ch"]
[Site "Irkutsk"]
[Date "2008.01.??"]
[Round "4"]
[White "Petrov, Petr"]
[Black "Shirokovsky, Alexander"]
[Result "0-1"]
[WhiteElo "2325"]
[BlackElo "2390"]
[PlyCount "60"]
[EventDate "2008.01.??"]
[EventType "tourn"]
[EventRounds "9"]
[EventCountry "RUS"]
[SourceTitle "EXT 2010"]
[Source "ChessBase"]
[SourceDate "2010.11.25"]
[SourceVersion "1"]
[SourceVersionDate "2010.11.25"]
[SourceQuality "1"]

1. d4 c6 2. e4 d5 3. e5 c5 4. c3 Nc6 5. Nf3 Bg4 6. Be2 e6 7. 0-0 Rc8 8. Be3 Nge7 9. Na3 Nf5 10. Nc2 Be7 11. Rc1 0-0 12. h3 Bxf3 13. Bxf3 Bg5 14. Re1 Nxe3 15. Nxe3 cxd4 16. cxd4 Qb6 17. Bg4 Qxd4 18. Qxd4 Nxd4 19. Rxc8 Rxc8 20. Nxd5 h5 21. f4 hxg4 22. Nc3 Bxf4 23. Re4 g5 24. g3 Nf3+ 25. Kf2 Bxe5 26. Ne2 f5 27. Rb4 Rc2 28. Ke3 gxh3 29. Kxf3 g4+ 30. Kf2 Rxe2+ 0-1

[Event "Irkutsk City-ch"]
[Site "Irkutsk"]
[Date "2008.01.??"]
[Round "5"]
[White "Shirokovsky, Alexander"]
[Black "Obolenskikh, Dmitry Aleksandrovi"]
[Result "1/2-1/2"]
[WhiteElo "2390"]
[BlackElo "2446"]
[PlyCount "148"]
[EventDate "2008.01.??"]
[EventType "tourn"]
[EventRounds "9"]
[EventCountry "RUS"]
[SourceTitle "EXT 2010"]
[Source "ChessBase"]
[SourceDate "2010.11.25"]
[SourceVersion "1"]
[SourceVersionDate "2010.11.25"]
[SourceQuality "1"]

1. f4 Nh6 2. b3 e5 3. fxe5 d6 4. e6 Bxe6 5. Nf3 d5 6. Bb2 Nf5 7. e3 Bd6 8. c4 dxc4 9. Bxc4 Bxc4 10. bxc4 0-0 11. 0-0 c5 12. Qc2 Nh6 13. Nc3 Nc6 14. Ne4 Be7 15. Qc3 f6 16. d4 cxd4 17. exd4 Rc8 18. d5 Bb4 19. Qd3 Nf7 20. Kh1 Na5 21. Rac1 b6 22. Nd4 Ne5 23. Qg3 Ng6 24. Ne6 Qe7 25. a3 Bc5 26. N4xc5 Rxc5 27. Nxc5 Qxc5 28. Bc3 Qxa3 29. h4 Nxc4 30. h5 Ne7 31. Qe1 Nxd5 32. Qe6+ Kh8 33. Qxd5 Ne3 34. Qd4 Nxf1 35. Rxf1 Qa6 36. Kg1 h6 37. Bb4 Rf7 38. Re1 Qb5 39. Qg4 Qd7 40. Qe4 Qd8 41. Bc3 Qc8 42. Bd4 Rf8 43. Qg6 Qc4 44. Bf2 Qf7 45. Qf5 Re8 46. Rc1 Kg8 47. Bg3 Qe6 48. Qc2 Qe3+ 49. Bf2 Qg5 50. Qd1 Re5 51. Rc8+ Kh7 52. Qd3+ Qf5 53. Qxf5+ Rxf5 54. Ra8 Rxh5 55. Rxa7 b5 56. Rb7 Rd5 57. Kh2 h5 58. Kg3 Kh6 59. Kf3 g5 60. Ke4 Re5+ 61. Kd3 h4 62. Bd4 Rf5 63. Ke4 Rf4+ 64. Ke3 Rf5 65. Ke4 Rf4+ 66. Ke3 Rg4 67. Bxf6 Kg6 68. Bd8 Rxg2 69. Rxb5 h3 70. Bc7 h2 71. Bxh2 Rxh2 72. Kf3 Rh3+ 73. Kg4 Rh4+ 74. Kg3 Ra4 1/2-1/2